Derecho Ambiental. Estudios desde la jurisprudencia del Tribunal Ambiental de Santiago
Guardado en:
| Autor Corporativo: | |
|---|---|
| Otros Autores: | |
| Formato: | Desconocido |
| Lenguaje: | inglés |
| Publicado: |
Santiago, Chile.
Libromar,
2021
|
| Materias: | |
| Etiquetas: |
Agregar Etiqueta
Sin Etiquetas, Sea el primero en etiquetar este registro!
|
MARC
| LEADER | 00000 a2200000 4500 | ||
|---|---|---|---|
| 003 | CL-VaPUC | ||
| 005 | 20240731160347.0 | ||
| 008 | 211102b2021 ||||| |||| 00| 0 eng d | ||
| 999 | |c 433825 |d 433823 | ||
| 020 | |a 9789567890897 | ||
| 040 | |c Pontificia Universidad Católica de Valparaíso | ||
| 082 | |a 344.83046 SEG 2021 | ||
| 110 | 1 | |a Segundo Tribunal Ambiental |9 864084 | |
| 245 | 1 | |a Derecho Ambiental. |b Estudios desde la jurisprudencia del Tribunal Ambiental de Santiago | |
| 260 | |a Santiago, Chile. |b Libromar, |c 2021 | ||
| 505 | |a Legitimación Procesal en Sede Ambiental. Sobre la Invalidación y Anulación en Sede Ambiental. Principio de Conservación de los Actos Administrativos en Materia Ambiental. Sobre los Programas de Cumplimiento. | ||
| 583 | |k Cristina María Rojas Aguilar |c 20211102 | ||
| 650 | 0 | |a Derecho ambiental |z Chile |9 499116 | |
| 700 | |a Muñoz Gajardo, Sergio |e prólogo |9 864085 | ||
| 942 | |2 ddc |c BK | ||
| 952 | |0 0 |1 0 |2 ddc |4 0 |6 344_830460000000000_SEG_2021 |7 0 |8 A |9 579129 |a BIBDER |b BIBDER |d 2021-11-02 |e 22 |g 18000.00 |i 5624967 |l 5 |o 344.83046 SEG 2021 |p 5624967 |r 2024-11-18 |s 2024-11-06 |t 1 |v 18000.00 |w 2021-11-02 |y BK |k DER | ||